MARC

LEADER 00000nam0a2200000 4500
001 265827
005 20231101233943.0
035 |a (RuTPU)RU\TPU\book\288829 
090 |a 265827 
100 |a 20140630d1986 k y0rusy50 ca 
101 0 |a rus 
102 |a BY 
105 |a a z 001zy 
200 1 |a Палеонтология и ее роль в познании геологического строения территории Белоруссии  |f Белорусский научно-исследовательский геологоразведочный институт ; под ред. Р. Г. Гарецкого 
210 |a Минск  |c Наука и техника  |d 1986 
215 |a 248 с.  |c ил. 
320 |a Библиогр. в конце ст. 
606 1 |a Палеонтология  |2 stltpush  |3 (RuTPU)RU\TPU\subj\47998  |9 66880 
606 1 |a Геология  |2 stltpush  |3 (RuTPU)RU\TPU\subj\6095  |9 34054 
610 1 |a геологическое строение 
610 1 |a Белоруссия 
610 1 |a органические остатки 
610 1 |a полезные ископаемые 
610 1 |a поиск 
610 1 |a разведка 
675 |a 56  |v 3 
675 |a 55  |v 3 
702 1 |a Гарецкий  |b Р. Г.  |4 340 
712 0 2 |a Белорусский научно-исследовательский геологоразведочный институт  |2 stltpush  |3 (RuTPU)RU\TPU\col\7965  |9 24442 
801 1 |a RU  |b 63413507  |c 20140630 
801 2 |a RU  |b 63413507  |c 20151022  |g RCR 
942 |c BK